Statistiques concernant QCM Les Croisades.

Cliquez ici pour prendre le quiz!

Statistiques générales

  • Ce quiz a été pris 429 fois
  • Le résultat moyen est 8 sur 15

Statistiques - réponses

QuestionRéponse% Correct
Quel pape prêche la première Croisade?Urbain II
88%
Quel sultan parvint à prendre Jérusalem en 1187?Saladin
81%
En quelle année débute-t-elle?1096
75%
En quelle année Jérusalem est-elle prise?1099
67%
Quel moine prêcha la deuxième Croisade?Bernard de Clairvaux
67%
A quoi aboutit la quatrième Croisade?A la mise à sac de Constantinople
64%
Quels rois français et anglais participent à la troisième Croisades?Philippe II et Richard Ier
63%
Quel territoire ne faisait pas partie des Etats latins d'Orient?Duché de Damas
55%
Quel roi est à l'initiative des septième et huitième Croisades?Louis IX
55%
Quelle ville libèrent-t-ils après deux ans de siège?Saint-Jean-d'Acre
49%
Près de quelle ville trouvera-t-il la mort?Tunis
46%
En quelle année tombent les derniers territoires chrétiens de Syrie?1291
39%
Quel épisode précède la cinquième croisade?La croisade des enfants.
36%
Quel empereur réussit a reprendre Jérusalem par négociations durant la sixième Croisades?Frédéric II
31%
Quel roi va organiser la neuvième et dernière Croisade en 1271Edouard Ier
25%

Distribution des résultats

Percentile par nombre de réponses

% des personnes avec chaque résultat

Votre développement - résultats

Vous n’avez pas pris ce quiz